| 000 | 00423nam a22001697a 4500 | ||
|---|---|---|---|
| 003 | MPLRDC | ||
| 005 | 20220104144120.0 | ||
| 008 | 210129b ||||| |||| 00| 0 eng d | ||
| 082 | _a826 CJR | ||
| 100 | _a曹聚仁 | ||
| 245 |
_a现代中国报告文学选. 甲编 _c |
||
| 250 | _a一版一刷 | ||
| 260 |
_a香港 _b三育图书文具公司 _c1973 |
||
| 300 | _b293 | ||
| 650 | _a报导文学 | ||
| 942 |
_cBK _o826 CJR |
||
| 999 |
_c46519 _d46509 |
||